000 01233njm a22002897a 4500
005 20100906105816.0
006 a|||||r|||||00| 0
007 sd ammalaaahaa
008 100906t xxu||||| |||| 00| 0 eng d
028 _aN-53556
_bHis Master's Voice
035 _aGR-811
040 _aSED
_cSED
100 _917690
245 _aSaranga /
_cSung by Mukesh & Suman Kalyanpur; music by Sardar Malik; lyric by Bharat Vyas
_h[Sound Recording] :
246 _aसारंगा / मुकेश द्वारा
260 _aDum Dum India
_bHis Master's Voice
300 _a1 sound disc (Gramophone Recording)
_banalog 33 1/3 rpm
_c9.5 in. (MP)
_fGramophone Record
500 _aBrief Record
505 _aSide-1 सारंगा तेरी याद में (Saranga Teri Yaad Mein ) (Mukesh) -- Side 2- लिख दे पिया का नाम (Likh De Piya Ka Naam) (Kalyan Kalyanpur)
650 _aHindustani Classical Music
_xExcerpts
_zIndia
_917691
700 _aKalyanpur, Suman
_91184
700 _aMukesh
_918467
700 _aMalik, Sardar
_918468
700 _aVyas, Bharat
_918469
942 _2ddc
_cGR
999 _c43901
_d43901